| 000 | 00603nam a22001817a 4500 | ||
|---|---|---|---|
| 999 |
_c57515 _d57515 |
||
| 005 | 20200701140918.0 | ||
| 008 | 200701s2020 eng||||| |||| 00| 0 enk d | ||
| 020 | _a9783030420772 | ||
| 041 | _aeng | ||
| 080 | _a510.6+004 V-58 | ||
| 100 |
_aVince, John _98941 |
||
| 245 |
_aFoundation Mathematics for Computer Science : _bA Visual Approach / _c John Vince. |
||
| 250 | _a2nd ed. | ||
| 264 |
_aBreinton: _bSpringer, _c2020. |
||
| 300 |
_a407 p. _b25 cm. |
||
| 653 | _aმათემატიკა კომპიუტერული მეცნიერებისთვის | ||
| 942 |
_2udc _cBK |
||